LEADER 01239nam--2200397---450- 001 990003181440203316 005 20120706105839.0 010 $a3-484-18088-9 035 $a000318144 035 $aUSA01000318144 035 $a(ALEPH)000318144USA01 035 $a000318144 100 $a20081209d1986----km-y0itay50------ba 101 $ager 102 $aDE 105 $a||||||||001yy 200 1 $aHermann Brochs geschichtliche Stellung$eStudien zum philosophischen Frühwerk und zur Romantrilogie Die Schlafwandler (1914-1932)$fFriedrich Vollhardt 210 $aTübingen$cNiemeyer$d1986 215 $aVII, 316 p.$d22 cm 225 2 $aStudien zur deutschen Literatur$v88 410 0$12001$aStudien zur deutschen Literatur 454 1$12001 461 1$1001-------$12001 600 1 $aBroch, Hermann 676 $a830 700 1$aVOLLHARDT,$bFriedrich$0296518 801 0$aIT$bsalbc$gISBD 912 $a990003181440203316 951 $aII.3.B.142$b1594 DSLL 959 $aBK 969 $aDSLL 979 $aDSLL$b90$c20081209$lUSA01$h1334 979 $aMARANO$b90$c20120706$lUSA01$h1036 979 $aMARANO$b90$c20120706$lUSA01$h1058 996 $aHermann Brochs geschichtliche Stellung$91014169 997 $aUNISA LEADER 01097nam0-2200373---450- 001 990009696380403321 005 20130319123338.0 010 $a978-88-230-1338-4 035 $a000969638 035 $aFED01000969638 035 $a(Aleph)000969638FED01 035 $a000969638 100 $a20130319d----2009km-y0itay50------ba 101 0 $aita 102 $aIT 105 $ay-------001yy 200 1 $aDisabilità e lavoro$fa cura di Carmen La Macchia$gcon la collaborazione di Nina Daita e Stefano Oriano$gprefazione di Guglielmo Epifani 210 $aRoma$cEdiesse$d2009 215 $a1022 p.$d24 cm 225 1 $aSaggi 610 0 $aDisabili$aConvenzioni internazionali 676 $a344.0324$v20.$zita 676 $a362.40484$v21.$zita 702 1$aLa Macchia,$bCarmen 702 1$aDaita,$bNina 702 1$aOriano,$bStefano 702 1$aEpifani,$bGuglielmo$f<1950-2021> 801 0$aIT$bUNINA$gRICA$2UNIMARC 901 $aBK 912 $a990009696380403321 952 $aA-IX-520$b15829$fDDRC 959 $aDDRC 996 $aDisabilita' e lavoro$9227977 997 $aUNINA LEADER 03077nas 2200517 n 450 001 990008906450403321 005 20240229084307.0 011 $a0003-6994 035 $a000890645 035 $aFED01000890645 035 $a(Aleph)000890645FED01 035 $a000890645 091 $2CNR$aP 00001063 100 $a20161109b19661998km-y0itaa50------ba 101 0 $adut 102 $aNL 110 $aauu-------- 200 1 $aApplied scientific research 207 1$a1966-1998 210 $a's-Gravenhage$cMartinus Nijhoff Publishers;Kluwer Academic Publishers 436 0$12001$aApplied scientific research. Section A: Mechanics, heat, chemical engineering, mathematical methods 436 0$1001000890646$12001$aApplied scientific research. Section B: Electrophysics, acoustics, optics, mathematical methods 440 0$1001000896325$12001$aFlow, turbulence and combustion 452 0$12001$aApplied scientific research 530 0 $aApplied scientific research 675 $a001.891 675 $a5 675 $a6 675 $a532 712 02$aCentrale Organisatie voor Toegepast$bNatuurwetenschappelijk Onderzoek Koninklijke Nederlandse Chemische Vereniging Koninklijk Instituut van Ingenieurs Mathematisch Centrum 801 0$aIT$bACNP$c20090723 859 4 $uhttp://acnp.cib.unibo.it/cgi-ser/start/it/cnr/dc-p1.tcl?catno=557&person=false&language=ITALIANO&libr=&libr_th=unina1$zBiblioteche che possiedono il periodico 901 $aSE 912 $a990008906450403321 958 $aBiblioteca. Dipartimento di Ingegneria aerospaziale. Sezione Spazio "Luigi G. Napolitano". Università degli studi di Napoli Federico II$b1966-1976;$fDINAE 958 $aBiblioteca Interdipartimentale di Ingegneria Elettrica, Elettronica e delle Telecomunicazioni, Informatica e Sistemistica. Università degli studi di Napoli "Federico II"$b1966-1998.$c1971;1975;1979;$eA4$fDINEL 958 $aBiblioteca. Dipartimento di Ingegneria aerospaziale. Sede di p.le Tecchio. Università degli studi di Napoli Federico II$b1989-1998.$fNAP11 959 $aDINAE 959 $aDINEL 959 $aNAP11 996 $aApplied scientific research$9800483 997 $aUNINA AP1 8 $6866-01$aNA099 Biblioteca. Dipartimento di Ingegneria aerospaziale. Sezione Spazio "Luigi G. Napolitano". Università degli studi di Napoli Federico II$ep.le Tecchio,80, Napoli (NA)$m(081) 7682355$nit AP1 8 $6866-02$aNA106 Biblioteca Interdipartimentale di Ingegneria Elettrica, Elettronica e delle Telecomunicazioni, Informatica e Sistemistica. Università degli studi di Napoli "Federico II"$bA4$eVia Claudio,21, 80125 Napoli (NA)$m081/7683242-3533$m0817683242$nit AP1 8 $6866-03$aNA108 Biblioteca. Dipartimento di Ingegneria aerospaziale. Sede di p.le Tecchio. Università degli studi di Napoli Federico II$ep.le Tecchio,80, Napoli (NA)$m(081) 7682186$nit AP2 40$aacnp.cib.unibo.it$nACNP Italian Union Catalogue of Serials$uhttp://acnp.cib.unibo.it/cgi-ser/start/it/cnr/df-p.tcl?catno=557&language=ITALIANO&libr=&person=&B=1&libr_th=unina&proposto=NO